000 00637nam a2200229Ia 4500
003 OSt
005 20221007081014.0
006 a|||||r|||| 00| 0
007 ta
008 221006b |||||||| |||| 00| 0 eng d
024 _a28,163
037 _cReports / Technical Reports
040 _aFLL
_cFLL
_beng
041 _2eng
_aeng
082 _aZ73:3k, L0.5
100 _aMcbride Cosgrove
_9696111
245 0 _aGovernment contracts
260 _aNew York
_bMatthew Bender
_c1971
300 _a37.240p
_ccm.
942 _hZ73:3k, L0.5
_cREP
_2CC
999 _c1161644
_d1161644